Γλωσσομεταφραστικά σύμμεικτα : μνήμη Γιάγκου Σιώτη
Saved in:
| Other Authors: | , |
|---|---|
| Format: | Book |
| Language: | Greek |
| Published: |
Αθήνα :
Ένωση Ελληνικών Τραπεζών, Σάκκουλας,
2002
|
| Subjects: | |
| Tags: |
Add Tag
No Tags, Be the first to tag this record!
|
MARC
| LEADER | 00000nam a2200000 i 4500 | ||
|---|---|---|---|
| 001 | 1/43706 | ||
| 008 | 031029s2002 gre d | ||
| 020 | |a 960-15-0788-4 | ||
| 035 | |l 10071411 | ||
| 040 | |a GR-MY-UA |b gre |e aacr | ||
| 041 | 0 | |a gre | |
| 245 | 1 | 0 | |a Γλωσσομεταφραστικά σύμμεικτα : |b μνήμη Γιάγκου Σιώτη / |c Άρης Αλεξάκης ... [και ά.] ; πρόλογος: Γεώργιος Ι. Ράλλης;επιμέλεια Άρης Αλεξάκης |
| 260 | |a Αθήνα : |b Ένωση Ελληνικών Τραπεζών, |b Σάκκουλας, |c 2002 | ||
| 300 | |a 354 σ. |b πιν. | ||
| 500 | |a Μνήμη Γιάγκου Σιώτη | ||
| 600 | 1 | 0 | |a Σιώτης Γιάγκος. |
| 650 | 0 | 0 | |a Translating and interpreting. |
| 650 | 0 | 0 | |a Literature |x Translating into Greek-Modern. |
| 700 | 1 | |a Αλεξάκης, Άρης. |4 aui | |
| 700 | 1 | |a Ράλλης, Γεώργιος Ι. |4 edt | |
| 852 | |a INST |b CHIOS |e 20031029 |h 418.02 ΓΛΩ |p 005200013260 |q 005200013260 |t BK |y 0 | ||
| 901 | |a BIBL2-2005-2 | ||
| 909 | |a Χ |b 104677 | ||
| 970 | |a ΒΑΣΙΛΑΚΗ |b ΝΙΚΗ |z 2003/10/29 | ||